| 000 | 01083cam a22002054a 4500 | ||
|---|---|---|---|
| 005 | 20250605164213.0 | ||
| 008 | 250528s ||||||||||||||||||||||||d | ||
| 035 | _a20329 | ||
| 020 | _a131865420 | ||
| 040 |
_aGR-AtMCL _bgre _dGR-AtMCL _eAACR2 |
||
| 245 | 1 | _aOrganizational Theory, Design, and Change / Fifth Edition | |
| 250 | _a5ht | ||
| 260 |
_bPearson, _c2007 |
||
| 300 | _a538 | ||
| 520 | _aA marriage of classic organizational theory and design thinking with current coverage of change management research and practice. The Organization and Its Environment, Stakeholders and Managers and Ethics, Organizational Design, Creating and Managing Organizational Culture, Organizational Design and Strategy in a Changing Global Environment, Organizational Design and Competences and Technology, Organizational Change, Organizational Transformations: Birth and Growth and Decline and Death, Innovation and Intrapreneurship and Creativity, Managing and Conflict and Power and Politics. | ||
| 700 | 1 |
_aJones Gareth R _94209 |
|
| 942 | _cBK | ||
| 999 |
_c5451 _d5451 |
||